| 000 | 00784cas a2200241 a 4500 | ||
|---|---|---|---|
| 022 | _a0973-1814 | ||
| 040 | _cDLC | ||
| 082 | _a330 DAA 2005 A067 Co. | ||
| 245 | 0 | 0 |
_aJournal of health and development : _bjournal of the Society for Applied Socio-Economic Research and Development. |
| 246 | 3 | 0 | _aJournal of the Society for Applied Socio-Economic Research and Development |
| 260 |
_aDelhi : _bDaanish Books, _c2005- |
||
| 300 |
_avolumes ; _c25 cm |
||
| 500 | _aTitle from title page. | ||
| 650 | 0 | _aPublic health | |
| 650 | 0 | _aPublic health | |
| 650 | 0 | _aPublic health | |
| 650 | 1 | 2 | _aPublic Health |
| 650 | 7 | _aPublic health | |
| 650 | 7 | _aPublic health | |
| 650 | 7 | _aPublic health | |
| 710 | 2 | _aSociety for Applied Socio-Economic Research and Development. | |
| 942 | _cEK | ||
| 999 |
_c14518 _d14518 |
||